000 00562nam a2200205Ia 4500
005 20250923150049.0
008 008 250917s9999 xx 000 0 eng d
037 _aTextual
040 _aDSWL
_beng
_cDSWL
041 _aeng
_2eng
084 _aYx, Z33, N92
_qDSWL
100 _aRawardhan, M. S.
_9841806
245 0 _aPlanning for retirement
_c by M. S. Rawardhan
260 _aBombay
_bPopular Publication
_c1992
300 _a83p.
365 _aINR
_b35
925 _g35
942 _cTEXL
_hYx, Z33, N92
999 _c1459138
_d1459138